<?xml version="1.0" encoding="UTF-8"?><?xml-stylesheet type="text/xsl" href="static/style.xsl"?><OAI-PMH xmlns="http://www.openarchives.org/OAI/2.0/" xmlns:xsi="http://www.w3.org/2001/XMLSchema-instance" xsi:schemaLocation="http://www.openarchives.org/OAI/2.0/ http://www.openarchives.org/OAI/2.0/OAI-PMH.xsd"><responseDate>2026-06-01T16:20:26Z</responseDate><request verb="GetRecord" identifier="oai:riuma.uma.es:10630/13656" metadataPrefix="marc">https://riuma.uma.es/rest/oai/request</request><GetRecord><record><header><identifier>oai:riuma.uma.es:10630/13656</identifier><datestamp>2026-02-03T11:00:58Z</datestamp><setSpec>com_10630_2254</setSpec><setSpec>col_10630_37953</setSpec></header><metadata><record xmlns="http://www.loc.gov/MARC21/slim" xmlns:dcterms="http://purl.org/dc/terms/" xmlns:doc="http://www.lyncode.com/xoai" xmlns:xsi="http://www.w3.org/2001/XMLSchema-instance" xsi:schemaLocation="http://www.loc.gov/MARC21/slim http://www.loc.gov/standards/marcxml/schema/MARC21slim.xsd">
   <leader>00925njm 22002777a 4500</leader>
   <datafield ind2=" " ind1=" " tag="042">
      <subfield code="a">dc</subfield>
   </datafield>
   <datafield ind2=" " ind1=" " tag="720">
      <subfield code="a">García-Maté, Marta</subfield>
      <subfield code="e">author</subfield>
   </datafield>
   <datafield ind2=" " ind1=" " tag="720">
      <subfield code="a">Gómez-de-la-Torre, María de los  Ángeles</subfield>
      <subfield code="e">author</subfield>
   </datafield>
   <datafield ind2=" " ind1=" " tag="720">
      <subfield code="a">León-Reina, Laura</subfield>
      <subfield code="e">author</subfield>
   </datafield>
   <datafield ind2=" " ind1=" " tag="720">
      <subfield code="a">Ramírez-Losilla, Enrique</subfield>
      <subfield code="e">author</subfield>
   </datafield>
   <datafield ind2=" " ind1=" " tag="720">
      <subfield code="a">García-Aranda, Miguel Ángel</subfield>
      <subfield code="e">author</subfield>
   </datafield>
   <datafield ind2=" " ind1=" " tag="720">
      <subfield code="a">Santacruz-Cruz, María Isabel</subfield>
      <subfield code="e">author</subfield>
   </datafield>
   <datafield ind2=" " ind1=" " tag="260">
      <subfield code="c">2014</subfield>
   </datafield>
   <datafield ind2=" " ind1=" " tag="520">
      <subfield code="a">The availability of cements, including eco-cements, with tailored mechanical properties is very important&#xd;
for special applications in the building industry. Here we report a full study of the hydration of calcium&#xd;
sulfoaluminate eco-cements with different sulfate sources (gypsum, bassanite and anhydrite) and two&#xd;
water/cement ratios (0.50 and 0.65). These parameters have been chosen because they are known to&#xd;
strongly modify the mechanical properties of the resulting mortars and concretes. The applied multitechnique&#xd;
characterization includes: phase assemblage by Rietveld method, evolved heat, conductivity,&#xd;
rheology, compressive strength and expansion/retraction measurements. The dissolution rate of the sulfate&#xd;
sources is key to control the hydration reactions. Bassanite dissolves very fast and hence the initial&#xd;
setting time of the pastes and mortars is too short (20 min) to produce homogeneous samples. Anhydrite&#xd;
dissolves slowly so, at 1 hydration-day, the amount of ettringite formed (20 wt%) is lower than that in&#xd;
gypsum pastes (26 wt%) (w/c = 0.50), producing mortars with lower compressive strengths. After 3&#xd;
hydration-days, anhydrite pastes showed slightly larger ettringite contents and hence, mortars with&#xd;
slightly higher compressive strengths. Ettringite content is the chief parameter to explain the strength&#xd;
development in these eco-cements.</subfield>
   </datafield>
   <datafield ind1="8" ind2=" " tag="024">
      <subfield code="a">http://hdl.handle.net/10630/13656</subfield>
   </datafield>
   <datafield tag="653" ind2=" " ind1=" ">
      <subfield code="a">Cemento</subfield>
   </datafield>
   <datafield ind2="0" ind1="0" tag="245">
      <subfield code="a">Effect of calcium sulfate source on the hydration of calcium sulfoaluminate eco-cement</subfield>
   </datafield>
</record>
</metadata></record></GetRecord></OAI-PMH>